000 00891nam a22002297a 4500
999 _c18722
_d18722
003 AR-CdUCM
008 190515b ||||| |||| 00| 0 spa d
040 _aMUNICIPALIDAD PROVINCIAL DEL CUSCO
_cBIBLIOTECA MUNICIPAL DEL CUSCO
082 _a371.264 /
_bD97
100 _aDührssen, Annemarie
_939476
245 _aPsicoterapia de niños y adolescente /
260 _aMéxico :
_bFondo de cultura económica,
_c1966.
300 _a461 páginas ;
_c20 cm.
440 _aBiblioteca de Psicología y Psicoanálisis
_923276
505 _aContenido: Problemas vitales del hombre adulto -- Anamnesis biografica, o prognosis y planteamiento terapéutico...
650 _aPsicoterapia infantil
_939477
650 _aPsicoterapia del adolescente
_939478
650 _aPsicoanalisis
_917124
700 _aSuárez, Armando (traducción)
_939479
942 _2ddc
_cLIBROS
945 _adavv
_d2019-05-15